000 00378nam a2200157 i 4500
001 bg
100 1 _aECKHOLM, Erik P.
245 1 0 _aZiemia, którą tracimy /
_cErik P. Eckholm.
260 _aWarszawa,
_c1978.
650 9 _aŚrodowisko człowieka
040 _cBPK
041 _apol
080 _a502.7:577.4:63
942 _cKS
008 s pl f |000 0 pol
999 _c10037
_d10037
856 _uhttp://koha.tu.koszalin.pl/cgi-bin/koha/opac-detail.pl?biblionumber=10037
_yKatalog online BPK